Non-Bordering Countries Closest to China - One Minute Sprint - Statistics

General Stats
  • This quiz has been taken 75 times
  • The average score is 13 of 20
Answer Stats
km country miles % Correct
263 South Korea 164
98%
331 Japan 205
94%
4 Taiwan 3
87%
1442 Malaysia 896
81%
108 Uzbekistan 67
80%
94 Bangladesh 58
78%
1676 Indonesia 1041
78%
650 Philippines 404
78%
437 Cambodia 271
76%
615 Turkmenistan 382
76%
115 Thailand 71
74%
1958 Singapore 1217
69%
1127 Iran 700
67%
1574 Brunei 978
65%
2102 Sri Lanka 1306
61%
1980 Azerbaijan 1230
39%
2305 Armenia 1433
35%
2278 Georgia 1416
31%
2073 Oman 1288
9%
2124 United Arab Emirates 1320
6%
No matching quizzes found
Score Distribution
Percent of People with Each Score
Percentile by Number Answered
Your Score History
You have not taken this quiz